000 01603nam a2200229Ia 4500
003 Ost
005 20260507075456.0
008 260507s9999||||xx |||||||||||||| ||und||
040 _cfsecg
041 _aara
082 _a657.48
100 _aلطفى، امين السيد احمد
_eمؤلف
245 0 _aالتحليل المالى لاغراض تقييم ومراجعة الاداء والاستثمار في البورصة /
_c امين السيد احمد لطفى
260 _aالاسكندرية:
_bالدار الجامعية,
_c2007
300 _a720 صفحة؛
_c24 سم
520 _aهذا الكتاب يتضمن : التحليل المالي والاساسي الفني لأغراض الاستثمار في الأوراق المالية ّ، دور معايير المحاسبة في تعظيم جودة ومصداقية المعلومات لاغراض الاستثمار إعداد وعرض القوائم المالية وفقا لمتطلبات كل من معايير المحاسبة والتحليل المالي ، التحليل المالي لأغراض تقيم الأداء التاريخي وإتخاذ القرارات ،مؤشرات جودة الأسهم بالأسةاق المالية (البورصة ) التحليل المالي لأغراض مراجعة الأداء التاريخي ، التحليل الماليلأغراض قياس ومراجعة الأداء المستقبلي وتقييم الخطط
653 _aاستثمار
653 _aالمحاسبة التحليلية
653 _aبورصة
653 _aسندات
942 _cكتاب
999 _c44667
_d44667